[Event "4NCL Online Division 3"]
[Site "online"]
[Date "2021.10.19"]
[EventDate "2021.10.19"]
[Round "5.24"]
[White "Ross, David C"]
[WhiteElo "1741"]
[WhiteTeam "War & Piece Overlord"]
[Black "Holroyd-Doveton, Nathaniel"]
[BlackElo "1626"]
[BlackTeam "Darnall & Handsworth"]
[Result "1/2-1/2"]
[PlyCount "74"]

1. e4 e6 2. d4 d5 3. Nd2 Nf6 4. e5 Nfd7 5. Bd3 c5 6. c3 Nc6 7. Ne2 cxd4 8. cxd4 f6 9. f4 fxe5 10. fxe5 Nxd4 11. O-O Nxe2+ 12. Qxe2 Bc5+ 13. Kh1 Qg5 14. Nc4 Qh4 15. Rf4 Qe7 16. Qh5+ Kd8 17. Rf7 Qe8 18. Bg5+ Kc7 19. Na5 g6 20. Qf3 Rf8 21. Rxf8 Qxf8 22. Qxf8 Bxf8 23. Rc1+ Kb8 24. Bd8 Bc5 25. Nb3 Bb6 26. Be7 a6 27. Bd6+ Ka7 28. a4 Be3 29. Rf1 Nb6 30. a5 Nc4 31. Rf7 Nxb2 32. Be2 h6 33. Bg4 d4 34. Bc5+ Kb8 35. Bd6+ Ka7 36. Bc5+ Kb8 37. Bd6+ Ka7 1/2-1/2

[Event "4NCL Online Division 3"]
[Site "online"]
[Date "2021.10.19"]
[EventDate "2021.10.19"]
[Round "5.31"]
[White "Lacoult, Maxime"]
[WhiteElo "1599"]
[WhiteTeam "Warwickshire Bears B"]
[Black "Alvares, Owen"]
[BlackElo "1792"]
[BlackTeam "Catford Cosmonauts 3"]
[Result "1-0"]
[PlyCount "147"]

1. b3 e5 2. Bb2 d6 3. g3 Nf6 4. Bg2 c6 5. c4 Be6 6. Nc3 Be7 7. e3 Nbd7 8. Nge2 Bf5 9. d4 e4 10. Nf4 Qa5 11. O-O d5 12. Qd2 O-O 13. Nxe4 Qxd2 14. Nxd2 g5 15. Ne2 Bd3 16. Rfe1 Bb4 17. Bc3 a5 18. Bxb4 axb4 19. cxd5 Nxd5 20. Bxd5 cxd5 21. Nf3 h6 22. h4 f6 23. hxg5 hxg5 24. Kg2 Be4 25. g4 f5 26. Kg3 fxg4 27. Nxg5 Rf5 28. Nxe4 dxe4 29. Nf4 Nf6 30. Rh1 Kf7 31. Rhc1 b5 32. Rc7+ Kg8 33. Ne6 Rf3+ 34. Kg2 Ne8 35. Rc5 Nf6 36. Rxb5 Nd7 37. Rb7 Rf7 38. Rxb4 Re8 39. Nf4 Rc8 40. Rc4 Rb8 41. Rac1 Nb6 42. Rc7 Rff8 43. Ne6 Rf7 44. Rxf7 Kxf7 45. Ng5+ Ke7 46. Nxe4 Nd5 47. Rc5 Nb4 48. Re5+ Kf8 49. Ra5 Ke7 50. Nc5 Rf8 51. Ra7+ Kd6 52. a3 Nd5 53. Ra6+ Ke7 54. Re6+ Kf7 55. Re5 Nc3 56. Rf5+ Ke7 57. Rxf8 Kxf8 58. a4 Ke7 59. a5 Kd6 60. a6 Kc7 61. Kg3 Ne4+ 62. Nxe4 Kb6 63. a7 Kxa7 64. Kxg4 Kb6 65. b4 Kb5 66. Nd6+ Kxb4 67. f4 Ka5 68. Nb5 Kxb5 69. f5 Kc6 70. Kg5 Kd7 71. Kg6 Ke8 72. Kg7 Ke7 73. f6+ Ke6 74. f7 1-0

[Event "4NCL Online Division 3"]
[Site "online"]
[Date "2021.10.19"]
[EventDate "2021.10.19"]
[Round "5.32"]
[White "Oyvat, Cem"]
[WhiteElo "1727"]
[WhiteTeam "Catford Cosmonauts 3"]
[Black "Vaidyanathan, Adithya"]
[BlackElo "1446"]
[BlackTeam "Warwickshire Bears B"]
[Result "1-0"]
[PlyCount "47"]

1. d4 d5 2. Bf4 c5 3. c3 Nc6 4. e3 Nf6 5. Nd2 Bg4 6. Ngf3 e6 7. Qb3 Qd7 8. Ne5 Nxe5 9. dxe5 c4 10. Nxc4 dxc4 11. Bxc4 a6 12. exf6 gxf6 13. f3 Bf5 14. e4 Bg6 15. Rd1 Qc6 16. O-O Rc8 17. Be2 Bg7 18. Bd6 Rd8 19. Ba3 Rc8 20. Rd6 Qc7 21. Rxe6+ Kd7 22. Re7+ Kd8 23. Rd1+ Qd7 24. Rdxd7# 1-0

[Event "4NCL Online Division 3"]
[Site "online"]
[Date "2021.10.19"]
[EventDate "2021.10.19"]
[Round "5.33"]
[White "Vaidyanathan, Sathya"]
[WhiteElo "1328"]
[WhiteTeam "Warwickshire Bears B"]
[Black "Craig, Andrew D"]
[BlackElo "1797"]
[BlackTeam "Catford Cosmonauts 3"]
[Result "0-1"]
[PlyCount "148"]

1. e4 g6 2. d4 Bg7 3. e5 d6 4. exd6 Qxd6 5. c3 c5 6. Bb5+ Bd7 7. Bxd7+ Nxd7 8. dxc5 Qxd1+ 9. Kxd1 Nxc5 10. Nf3 Nf6 11. Be3 b6 12. Bxc5 bxc5 13. Nbd2 O-O 14. Ke2 Rad8 15. Rhd1 Nd5 16. g3 f5 17. Kf1 e5 18. Nc4 Rfe8 19. Na5 e4 20. Ng5 h6 21. Nh3 e3 22. Re1 Nxc3 23. Rxe3 Rxe3 24. fxe3 Nd1 25. Ke2 Nxb2 26. Rb1 c4 27. Rc1 c3 28. Nb3 g5 29. Nf2 a5 30. Nxa5 Ra8 31. Nb3 Rxa2 32. Nd4 Bxd4 33. exd4 Na4+ 34. Ke3 f4+ 35. gxf4 gxf4+ 36. Kf3 Rd2 37. Ne4 Rxd4 38. Nf6+ Kf7 39. Nh5 Rd2 40. Nxf4 c2 41. Ke3 Rxh2 42. Kd3 Nc5+ 43. Kc3 Rf2 44. Nd3 Rf3 45. Rxc2 Nxd3 46. Rh2 Nf4+ 47. Kd4 Kg6 48. Ke4 Rf1 49. Rh4 Ne6 50. Ke5 Re1+ 51. Kd5 Kg5 52. Rh2 Nf4+ 53. Kd4 h5 54. Kc3 Kg4 55. Kd2 Re7 56. Rh1 Kg3 57. Rg1+ Ng2 58. Rh1 h4 59. Kd3 Re1 60. Rxe1 Nxe1+ 61. Ke2 Kg2 62. Kxe1 h3 63. Ke2 h2 64. Ke3 h1=Q 65. Kf4 Qf1+ 66. Kg5 Qc4 67. Kf6 Qb5 68. Ke7 Qa6 69. Kd8 Qb7 70. Ke8 Kg3 71. Kf8 Kf4 72. Ke8 Ke5 73. Kd8 Ke6 74. Ke8 Qe7# 0-1

[Event "4NCL Online Division 3"]
[Site "online"]
[Date "2021.10.19"]
[EventDate "2021.10.19"]
[Round "5.34"]
[White "Marchettini, Cristiano"]
[WhiteElo "1515"]
[WhiteTeam "Catford Cosmonauts 3"]
[Black "Xia, Weiquan"]
[BlackElo "1209"]
[BlackTeam "Warwickshire Bears B"]
[Result "1-0"]
[PlyCount "97"]

1. d4 Nc6 2. d5 Nb8 3. e4 d6 4. Nf3 Nf6 5. Bd3 c6 6. c4 e5 7. O-O Be7 8. Nc3 O-O 9. Re1 Bg4 10. h3 Bh5 11. Be2 Nbd7 12. Nh4 Bxe2 13. Rxe2 Nxe4 14. Nxe4 Bxh4 15. Nxd6 Nc5 16. Nf5 Bf6 17. Be3 Na6 18. Rd2 Qc8 19. Qg4 Kh8 20. Rad1 g6 21. Nh6 Qxg4 22. Nxg4 Bg7 23. d6 f5 24. d7 Rad8 25. Nh2 Bf6 26. Bxa7 Bg5 27. Rd6 Be7 28. Re6 Bc5 29. Bxc5 Nxc5 30. Rxe5 Nxd7 31. Re7 Nc5 32. Rxd8 Rxd8 33. Nf3 Rd7 34. Rxd7 Nxd7 35. b3 Nc5 36. Kf1 Kg7 37. Ke2 Kf6 38. Ke3 b6 39. Nd4 Ne4 40. Nxc6 Nc3 41. a4 Ne4 42. a5 bxa5 43. Nxa5 Nc5 44. b4 Na6 45. b5 Nb8 46. Kd4 Kg5 47. c5 Kf6 48. c6 Nxc6+ 49. Nxc6 1-0

[Event "4NCL Online Division 3"]
[Site "online"]
[Date "2021.10.19"]
[EventDate "2021.10.19"]
[Round "5.41"]
[White "Mooney, David Paul"]
[WhiteElo "2214"]
[WhiteTeam "Chessable White Rose 3"]
[Black "Amoako Philip Selikem Yao"]
[BlackElo "1620"]
[BlackTeam "Forest Hall Juniors"]
[Result "1-0"]
[PlyCount "115"]

1. e4 c5 2. Nf3 Nc6 3. c3 g6 4. d4 cxd4 5. cxd4 d6 6. Bb5 Bd7 7. O-O Bg7 8. Nc3 a6 9. Ba4 b5 10. Bb3 e6 11. Bf4 Nxd4 12. Nxd4 e5 13. Nd5 exf4 14. Rc1 Rc8 15. Rxc8 Qxc8 16. Qd2 Nf6 17. Rc1 Qd8 18. Nc7+ Kf8 19. e5 Nh5 20. e6 Bc8 21. exf7 Bxd4 22. Qxd4 Qf6 23. Qxf6 Nxf6 24. Ne8 d5 25. Rxc8 Kxf7 26. Nd6+ Kg7 27. Rc7+ Kg8 28. Ne4 Nxe4 29. Bxd5+ Kf8 30. Bxe4 h5 31. Rc8+ Kg7 32. Rxh8 Kxh8 33. Bxg6 h4 34. g3 hxg3 35. hxg3 fxg3 36. fxg3 Kg7 37. Bd3 Kf6 38. a4 bxa4 39. Bxa6 Kg5 40. Bb5 Kg4 41. Kg2 Kf5 42. Bxa4 Ke5 43. b4 Kd5 44. g4 Ke5 45. b5 Kd5 46. g5 Kd6 47. g6 Ke6 48. b6 Kf6 49. b7 Kxg6 50. b8=Q Kf6 51. Kf3 Ke6 52. Ke4 Ke7 53. Ke5 Kf7 54. Qd6 Kg7 55. Kf5 Kh7 56. Kf6 Kg8 57. Qe7 Kh8 58. Qg7# 1-0

[Event "4NCL Online Division 3"]
[Site "online"]
[Date "2021.10.19"]
[EventDate "2021.10.19"]
[Round "5.42"]
[White "Johnston, Alexander"]
[WhiteElo "1654"]
[WhiteTeam "Forest Hall Juniors"]
[Black "Parkhouse, Max"]
[BlackElo "1869"]
[BlackTeam "Chessable White Rose 3"]
[Result "0-1"]
[PlyCount "60"]

1. e4 e6 2. d4 d5 3. exd5 exd5 4. Nf3 Bf5 5. Bd3 Bg6 6. O-O Nf6 7. Bg5 Be7 8. Re1 O-O 9. Qe2 Nc6 10. c3 Re8 11. Bxg6 hxg6 12. Ne5 a5 13. Nd2 a4 14. Nxc6 bxc6 15. Nf3 Ne4 16. Bxe7 Qxe7 17. Nd2 Qd6 18. Nxe4 Rxe4 19. Qc2 Qe6 20. Rxe4 Qxe4 21. Qxe4 dxe4 22. g4 Rb8 23. Rb1 f5 24. Kg2 Kf7 25. Kg3 Kf6 26. h4 c5 27. dxc5 Rd8 28. Kf4 Rd3 29. gxf5 gxf5 30. b4 Rf3# 0-1

[Event "4NCL Online Division 3"]
[Site "online"]
[Date "2021.10.19"]
[EventDate "2021.10.19"]
[Round "5.43"]
[White "Mason, Peter F"]
[WhiteElo "1813"]
[WhiteTeam "Chessable White Rose 3"]
[Black "Hutchins, Andrew"]
[BlackElo "1480"]
[BlackTeam "Forest Hall Juniors"]
[Result "1-0"]
[PlyCount "39"]

1. Nf3 Nf6 2. g3 d5 3. Bg2 c5 4. O-O e6 5. d4 Nc6 6. c4 dxc4 7. Qa4 Bd7 8. Qxc4 cxd4 9. Nxd4 Nxd4 10. Qxd4 Qc7 11. Bf4 Qc5 12. Qxc5 Bxc5 13. Bxb7 O-O 14. Bxa8 Rxa8 15. Nc3 Bc6 16. Rac1 Bb6 17. h3 Rd8 18. Rfd1 Rc8 19. Nb5 Ne4 20. Nd4 1-0

[Event "4NCL Online Division 3"]
[Site "online"]
[Date "2021.10.19"]
[EventDate "2021.10.19"]
[Round "5.44"]
[White "Donahue, Randolph E"]
[WhiteElo "1789"]
[WhiteTeam "Chessable White Rose 3"]
[Black "Mohindra, Arun"]
[BlackElo "1112"]
[BlackTeam "Forest Hall Juniors"]
[Result "1-0"]
[PlyCount "83"]

1. e4 e6 2. Nf3 d5 3. Nc3 c5 4. exd5 exd5 5. Bb5+ Nc6 6. O-O Nf6 7. Re1+ Be7 8. d4 O-O 9. Bg5 h6 10. Bh4 Bg4 11. h3 Bh5 12. dxc5 Bxc5 13. Be2 Re8 14. Nb5 Qb6 15. c3 Ne4 16. Nfd4 Bxe2 17. Rxe2 a6 18. Nxc6 bxc6 19. Nd4 Nd6 20. Nb3 Rxe2 21. Qxe2 Re8 22. Qc2 Ne4 23. Nxc5 Nxc5 24. Rd1 Ne4 25. Rd4 c5 26. Rxd5 g5 27. Bg3 Nxg3 28. fxg3 Re1+ 29. Kh2 c4 30. Rd4 Qf6 31. Rd1 Re3 32. Qd2 Kg7 33. Qd4 Re6 34. Qxf6+ Kxf6 35. Rd2 Kf5 36. g4+ Kf4 37. b4 Ke3 38. Rd4 Rc6 39. a4 f6 40. Kg1 Rb6 41. Rxc4 Kd3 42. Rc5 1-0

[Event "4NCL Online Division 3"]
[Site "online"]
[Date "2021.10.19"]
[EventDate "2021.10.19"]
[Round "5.51"]
[White "Littlefair, Paul"]
[WhiteElo "1663"]
[WhiteTeam "Watford 2"]
[Black "Robinson, Brian"]
[BlackElo "1640"]
[BlackTeam "Bishop Trojans"]
[Result "0-1"]
[PlyCount "44"]

1. e4 c5 2. Nf3 d6 3. d3 Nf6 4. g3 g6 5. Bg2 Bg7 6. O-O O-O 7. Nc3 Nc6 8. Re1 Rb8 9. Bd2 b5 10. a3 a5 11. h4 Bg4 12. Qc1 b4 13. axb4 cxb4 14. Ne2 Nd7 15. Nh2 Bxe2 16. Rxe2 Nd4 17. Re1 Qc7 18. Rb1 Qxc2 19. Qxc2 Nxc2 20. Rec1 Rfc8 21. Ng4 Nd4 22. Bf1 Nf3+ 0-1

[Event "4NCL Online Division 3"]
[Site "online"]
[Date "2021.10.19"]
[EventDate "2021.10.19"]
[Round "5.52"]
[White "Smith, Peter J"]
[WhiteElo "1598"]
[WhiteTeam "Bishop Trojans"]
[Black "Vig, Sanjay"]
[BlackElo "1642"]
[BlackTeam "Watford 2"]
[Result "0-1"]
[PlyCount "96"]

1. h3 e5 2. a3 d5 3. d3 c5 4. c3 f5 5. Qc2 Bd7 6. g4 f4 7. Bg2 Bc6 8. Nd2 Qc7 9. Ngf3 Nd7 10. Ng5 h6 11. Ne6 Qd6 12. Nxf8 Nxf8 13. b4 Ne6 14. Bb2 Ne7 15. a4 cxb4 16. cxb4 Rc8 17. Qb3 a6 18. b5 Nc5 19. Qc2 axb5 20. Ba3 Bd7 21. Nb3 Nxb3 22. Qxb3 Qe6 23. axb5 h5 24. Bxe7 Qxe7 25. Bxd5 hxg4 26. hxg4 Rxh1+ 27. Bxh1 Bxg4 28. Be4 Be6 29. Qa3 b6 30. Qb4 Qxb4+ 31. Kf1 g5 32. Kg2 Qxb5 33. Rh1 Bd5 34. Rh8+ Kd7 35. Rh7+ Kd6 36. Rh6+ Kc5 37. Bxd5 Kxd5 38. Rg6 Kd4 39. Rxg5 Qd5+ 40. f3 Rg8 41. Rxg8 Qxg8+ 42. Kf2 Qg3+ 43. Kf1 Qh2 44. Ke1 Ke3 45. Kd1 Qxe2+ 46. Kc1 Kxd3 47. Kb1 Kc3 48. Ka1 Qb2# 0-1

[Event "4NCL Online Division 3"]
[Site "online"]
[Date "2021.10.19"]
[EventDate "2021.10.19"]
[Round "5.53"]
[White "Shaw, David K"]
[WhiteElo "1624"]
[WhiteTeam "Watford 2"]
[Black "Bainbridge, Bryan J"]
[BlackElo "1523"]
[BlackTeam "Bishop Trojans"]
[Result "0-1"]
[PlyCount "74"]

1. d4 b5 2. e4 Bb7 3. Bd3 e6 4. Nf3 h6 5. O-O Nf6 6. Re1 a6 7. h3 c5 8. c3 cxd4 9. cxd4 Nc6 10. a3 Be7 11. Bf4 O-O 12. Nbd2 Kh8 13. Rc1 Ng8 14. Nb3 d6 15. d5 exd5 16. exd5 Nb8 17. Na5 Qxa5 18. Bf5 Qd8 19. Re2 Nd7 20. Bxd7 Qxd7 21. Nd4 Nf6 22. Nc6 Rfe8 23. Rec2 Rac8 24. Qd4 Kh7 25. g4 Ng8 26. f3 Bf6 27. Qd2 g5 28. Bg3 Ne7 29. h4 Nxc6 30. dxc6 Rxc6 31. Rxc6 Bxc6 32. Bxd6 Be7 33. Qc2+ Kg8 34. Bxe7 Bxf3 35. Bf6 Qxg4+ 36. Kf1 Qh3+ 37. Kg1 Qh1+ 0-1

[Event "4NCL Online Division 3"]
[Site "online"]
[Date "2021.10.19"]
[EventDate "2021.10.19"]
[Round "5.54"]
[White "Berry, Robert"]
[WhiteElo "1479"]
[WhiteTeam "Bishop Trojans"]
[Black "Hylands, Keith"]
[BlackElo "1418"]
[BlackTeam "Watford 2"]
[Result "1-0"]
[PlyCount "109"]

1. e4 c5 2. Bc4 e6 3. a3 Nc6 4. Nf3 Nf6 5. d3 Be7 6. Nc3 d6 7. h3 O-O 8. O-O b6 9. Nh2 Bb7 10. f4 d5 11. Ba2 dxe4 12. dxe4 Qxd1 13. Rxd1 Nd4 14. e5 Ne4 15. Bb3 Nxc3 16. bxc3 Ne2+ 17. Kf2 Nxc3 18. Rd7 Bh4+ 19. g3 Ne4+ 20. Ke3 Bxg3 21. Rxb7 Bxh2 22. Kxe4 Rfd8 23. Bb2 Rd2 24. Rf1 g6 25. Kf3 h5 26. Rf2 Rxf2+ 27. Kxf2 Bxf4 28. Rd7 h4 29. Ba4 g5 30. Bc6 Rc8 31. Be4 g4 32. hxg4 h3 33. Kf3 Bg5 34. Kg3 Kg7 35. Kxh3 Bf4 36. Kg2 c4 37. Bc3 Rc5 38. Kf3 Bxe5 39. Bxe5+ Rxe5 40. Rxa7 Rb5 41. Kf4 Kf6 42. Ra4 Rc5 43. Ra6 Rb5 44. a4 Rb4 45. Ra7 c3 46. g5+ Kg7 47. g6 Kf8 48. Rxf7+ Kg8 49. Ra7 Rb2 50. Ke5 Rb4 51. Bd3 Rh4 52. Kxe6 Rf4 53. Ke5 Rf3 54. g7 Rg3 55. Bc4+ 1-0

[Event "4NCL Online Division 3"]
[Site "online"]
[Date "2021.10.19"]
[EventDate "2021.10.19"]
[Round "5.61"]
[White "Duckers, Harvey L"]
[WhiteElo "2051"]
[WhiteTeam "Crowthorne 1"]
[Black "Granat, Russell G"]
[BlackElo "2270"]
[BlackTeam "Farnham A"]
[Result "1/2-1/2"]
[PlyCount "91"]

1. c4 c5 2. g3 g6 3. Bg2 Bg7 4. Nc3 Nf6 5. a3 Nc6 6. Rb1 a5 7. e3 e5 8. Nge2 O-O 9. O-O d6 10. d3 Be6 11. Nd5 Bxd5 12. cxd5 Ne7 13. Nc3 Rb8 14. b4 axb4 15. axb4 b6 16. e4 Nd7 17. Nb5 Nc8 18. Be3 f5 19. f3 f4 20. Bf2 h5 21. Bh3 fxg3 22. hxg3 Nf6 23. Be6+ Kh8 24. Be3 Nh7 25. Qd2 Bf6 26. f4 Qe7 27. Kg2 Na7 28. Nc3 exf4 29. gxf4 g5 30. Ne2 Qg7 31. Kh1 Nb5 32. Rg1 Nc3 33. Rb3 Nxe2 34. Qxe2 g4 35. Qh2 Bd4 36. Bxd4 cxd4 37. Qxh5 Rxf4 38. Kg2 Qc7 39. Ra3 Qc2+ 40. Kh1 Qf2 41. Ra7 Qf3+ 42. Rg2 Qd1+ 43. Rg1 Qf3+ 44. Rg2 Qd1+ 45. Rg1 Qf3+ 46. Rg2 1/2-1/2

[Event "4NCL Online Division 3"]
[Site "online"]
[Date "2021.10.19"]
[EventDate "2021.10.19"]
[Round "5.62"]
[White "Frostick, Clive A"]
[WhiteElo "2173"]
[WhiteTeam "Farnham A"]
[Black "Johnson, Derek R"]
[BlackElo "2017"]
[BlackTeam "Crowthorne 1"]
[Result "1-0"]
[PlyCount "38"]

1. e4 c5 2. Nf3 d6 3. Nc3 Nc6 4. d4 cxd4 5. Nxd4 Nf6 6. g3 Bg4 7. f3 Bd7 8. Be3 g6 9. Qd2 Bg7 10. O-O-O Rc8 11. Kb1 Ne5 12. g4 Nc4 13. Bxc4 Rxc4 14. Nde2 Qa5 15. h4 h5 16. e5 Qxe5 17. g5 Nh7 18. b3 Rxc3 19. Bd4 Rxc2 1-0

[Event "4NCL Online Division 3"]
[Site "online"]
[Date "2021.10.19"]
[EventDate "2021.10.19"]
[Round "5.63"]
[White "Gnanagurusamy, Ganeshbabu"]
[WhiteElo "1945"]
[WhiteTeam "Crowthorne 1"]
[Black "Warren, Alex M"]
[BlackElo "1999"]
[BlackTeam "Farnham A"]
[Result "1-0"]
[PlyCount "49"]

1. e4 c5 2. Nf3 d6 3. d4 cxd4 4. Nxd4 Nf6 5. Nc3 g6 6. Be3 Bg7 7. f3 O-O 8. Bc4 Nc6 9. Qd2 Bd7 10. O-O-O Rb8 11. Bb3 Na5 12. g4 b5 13. h4 Nc4 14. Bxc4 bxc4 15. h5 Qb6 16. b3 Rfc8 17. hxg6 fxg6 18. Nf5 Qa5 19. Nxe7+ Kf7 20. Nxc8 Qa3+ 21. Kb1 cxb3 22. Nxd6+ Kg8 23. cxb3 Be6 24. Ndb5 Qe7 25. Qd6 1-0

[Event "4NCL Online Division 3"]
[Site "online"]
[Date "2021.10.19"]
[EventDate "2021.10.19"]
[Round "5.64"]
[White "Amos, Michael"]
[WhiteElo "1877"]
[WhiteTeam "Farnham A"]
[Black "Green, George D A"]
[BlackElo "1889"]
[BlackTeam "Crowthorne 1"]
[Result "0-1"]
[PlyCount "168"]

1. e4 c5 2. Nf3 Nc6 3. d4 cxd4 4. Nxd4 Nf6 5. Nc3 e5 6. Nxc6 bxc6 7. Bc4 Bb4 8. Bg5 Qa5 9. Qd3 Nxe4 10. Qxe4 Bxc3+ 11. bxc3 Qxc3+ 12. Ke2 d5 13. Bxd5 Ba6+ 14. Kd1 cxd5 15. Qa4+ Kf8 16. Rb1 Qd4+ 17. Qxd4 exd4 18. Kd2 f6 19. Bf4 Kf7 20. Rb4 Rhe8 21. Rxd4 Re2+ 22. Kc3 Rc8+ 23. Kb4 Rcxc2 24. Be3 Bc4 25. a4 Ra2 26. Rb1 Reb2+ 27. Rxb2 Rxb2+ 28. Kc5 Ra2 29. Kb4 a6 30. g3 h6 31. Rd1 Rb2+ 32. Kc5 g5 33. Bd4 Ra2 34. Kb4 Re2 35. Be3 Rb2+ 36. Ka5 h5 37. Bd4 Rb7 38. Re1 Re7 39. Rb1 Re4 40. Bc5 d4 41. Rb7+ Kg6 42. Kb4 d3 43. Kc3 Bd5 44. Kxd3 Bxb7 45. a5 Re5 46. Bb6 f5 47. Bc7 Rd5+ 48. Ke3 Rc5 49. Bb6 Rc1 50. h4 f4+ 51. Kd2 Rc4 52. Kd3 Rc6 53. Ke2 Re6+ 54. Kf1 gxh4 55. gxh4 Kf5 56. Bd8 Kg4 57. Bg5 Kh3 58. f3 Bxf3 59. Kf2 Bc6 60. Bd8 Bb7 61. Bg5 Kg4 62. Bd8 Re5 63. Bc7 Re3 64. Bd8 Rh3 65. Bg5 Rh2+ 66. Kg1 Rg2+ 67. Kf1 f3 68. Bf6 Ra2 69. Bc3 Kxh4 70. Bf6+ Kg3 71. Be5+ Kg4 72. Bc3 Bc6 73. Be1 Bb5+ 74. Kg1 Ra1 75. Kf2 Rxe1 76. Kxe1 Kg3 77. Kd2 f2 78. Kc2 f1=Q 79. Kb2 Qc4 80. Ka3 h4 81. Kb2 h3 82. Ka3 h2 83. Kb2 h1=Q 84. Ka3 Qa1# 0-1

[Event "4NCL Online Division 3"]
[Site "online"]
[Date "2021.10.19"]
[EventDate "2021.10.19"]
[Round "5.71"]
[White "Rossiter, Alex"]
[WhiteElo "1968"]
[WhiteTeam "Bristol Cabot Blackbeards"]
[Black "Jenkins, John"]
[BlackElo "2089"]
[BlackTeam "Stroud Oldies"]
[Result "0-1"]
[PlyCount "50"]

1. e4 c5 2. d4 cxd4 3. c3 d3 4. Bxd3 g6 5. c4 Bg7 6. Nf3 Nf6 7. e5 Ng4 8. Bf4 Nc6 9. Qe2 Ngxe5 10. Nxe5 Qa5+ 11. Nc3 Nxe5 12. Be4 Nc6 13. Bd2 Qd8 14. O-O O-O 15. h4 e6 16. h5 f5 17. hxg6 fxe4 18. gxh7+ Kh8 19. Qxe4 Rf5 20. Nb5 d5 21. Qg4 Ne5 22. Qg3 Nxc4 23. Bb4 Bd7 24. Nd6 Nxd6 25. Bxd6 e5 0-1

[Event "4NCL Online Division 3"]
[Site "online"]
[Date "2021.10.19"]
[EventDate "2021.10.19"]
[Round "5.72"]
[White "Brown, Graham K"]
[WhiteElo "1718"]
[WhiteTeam "Stroud Oldies"]
[Black "Marston, Alastair"]
[BlackElo "1713"]
[BlackTeam "Bristol Cabot Blackbeards"]
[Result "0-1"]
[PlyCount "116"]

1. h3 Nf6 2. d4 d5 3. Bf4 c5 4. e3 Nc6 5. Nf3 Qb6 6. b3 Ne4 7. c4 Qa5+ 8. Nfd2 cxd4 9. cxd5 dxe3 10. Bxe3 Nxd2 11. Qxd2 Qxd2+ 12. Bxd2 Nd4 13. Bd3 e5 14. dxe6 Bxe6 15. O-O Be7 16. Bc3 Rd8 17. Nd2 O-O 18. Rad1 Bf6 19. Ne4 Be5 20. Rfe1 f6 21. Nc5 Bxh3 22. Bc4+ Kh8 23. Rd3 Bf5 24. Rde3 Nc2 25. Bxe5 fxe5 26. Rxe5 Nxe1 27. Rxe1 b6 28. Na4 Bd3 29. Bxd3 Rxd3 30. Re2 h6 31. Nb2 Rd7 32. Nc4 Rfd8 33. Ne5 Rd1+ 34. Kh2 Kg8 35. Nc6 R1d2 36. Rxd2 Rxd2 37. Nxa7 Rxa2 38. Nc8 Rxf2 39. Nxb6 Rb2 40. Nc4 Rxb3 41. Ne5 Kh7 42. Nf3 g5 43. Kg3 h5 44. Kf2 Rb2+ 45. Kg3 Kg6 46. Ne5+ Kf5 47. Nc4 Rb3+ 48. Kh2 Kf4 49. Nd2 h4 50. Nf1 g4 51. Kh1 Rb1 52. Kg1 Rxf1+ 53. Kxf1 Kg3 54. Kg1 h3 55. gxh3 Kxh3 56. Kh1 g3 57. Kg1 g2 58. Kf2 Kh2 0-1

[Event "4NCL Online Division 3"]
[Site "online"]
[Date "2021.10.19"]
[EventDate "2021.10.19"]
[Round "5.73"]
[White "Burnett, Philip"]
[WhiteElo "1335"]
[WhiteTeam "Bristol Cabot Blackbeards"]
[Black "Walker, Adrian"]
[BlackElo "1688"]
[BlackTeam "Stroud Oldies"]
[Result "0-1"]
[PlyCount "60"]

1. d4 d6 2. Nf3 Nf6 3. e3 Nbd7 4. Bd3 e5 5. dxe5 dxe5 6. Be2 c6 7. Nbd2 Qc7 8. b3 b5 9. Bb2 Bd6 10. c4 O-O 11. cxb5 cxb5 12. Bxb5 a6 13. Be2 Bb7 14. Rc1 Qb8 15. g3 Rd8 16. O-O Nc5 17. Nc4 Be7 18. Qc2 e4 19. Nfd2 Nd3 20. Rcd1 Qc8 21. Qb1 Qh3 22. f3 exf3 23. Bxf3 Bxf3 24. Rxf3 Nxb2 25. Qxb2 Ng4 26. Rf2 Nxf2 27. Kxf2 Qxh2+ 28. Kf3 Qh5+ 29. g4 Qh3+ 30. Kf2 Bh4+ 0-1

[Event "4NCL Online Division 3"]
[Site "online"]
[Date "2021.10.19"]
[EventDate "2021.10.19"]
[Round "5.74"]
[White "Reekie-Black, Matthew"]
[WhiteElo "1601"]
[WhiteTeam "Stroud Oldies"]
[Black "Saha, Soumil"]
[BlackElo "1193"]
[BlackTeam "Bristol Cabot Blackbeards"]
[Result "1-0"]
[PlyCount "68"]

1. e4 e6 2. Nc3 d5 3. Nf3 Bb4 4. Be2 Nc6 5. exd5 exd5 6. O-O Nf6 7. Bb5 a6 8. Re1+ Be7 9. Bxc6+ bxc6 10. Ne5 Bb7 11. d4 O-O 12. Bf4 Nd7 13. Qe2 Re8 14. Qf3 f6 15. Nd3 c5 16. Nxd5 Bd6 17. Bxd6 cxd6 18. dxc5 Nxc5 19. Nxc5 dxc5 20. Nxf6+ Qxf6 21. Qxb7 Rf8 22. Rf1 Kh8 23. b3 Rab8 24. Qd5 Qc3 25. Qd3 Qf6 26. Rad1 Rbd8 27. Qe2 Rde8 28. Qc4 Re5 29. f3 Rfe8 30. Qc3 Qg6 31. Qd3 Qg5 32. f4 Qxg2+ 33. Kxg2 Re2+ 34. Rf2 R2e3 1-0

[Event "4NCL Online Division 3"]
[Site "online"]
[Date "2021.10.19"]
[EventDate "2021.10.19"]
[Round "5.81"]
[White "Stebbings, Anthony J"]
[WhiteTitle "FM"]
[WhiteElo "2248"]
[WhiteTeam "Charlton Cobras A"]
[Black "Duncanson, Henry G"]
[BlackElo "2181"]
[BlackTeam "Broadland Falco Duboisi"]
[Result "1-0"]
[PlyCount "59"]

1. d4 d5 2. c4 e6 3. Nc3 Nf6 4. Bg5 Be7 5. e3 O-O 6. Rc1 c6 7. Nf3 Nbd7 8. Bd3 h6 9. Bh4 dxc4 10. Bxc4 b5 11. Bd3 a6 12. O-O Bb7 13. a4 b4 14. Bxf6 Nxf6 15. Ne4 Nd7 16. Qe2 Qa5 17. Nfd2 Rfd8 18. Nb3 Qc7 19. Nec5 a5 20. Rc2 Nxc5 21. Nxc5 Bxc5 22. Rxc5 Rd5 23. Rfc1 Rad8 24. Be4 Rxc5 25. Rxc5 Qb6 26. b3 Rd6 27. Qh5 f5 28. Qe8+ Kh7 29. Bf3 Qc7 30. Bh5 1-0

[Event "4NCL Online Division 3"]
[Site "online"]
[Date "2021.10.19"]
[EventDate "2021.10.19"]
[Round "5.82"]
[White "Jermy, Jaden"]
[WhiteElo "2021"]
[WhiteTeam "Broadland Falco Duboisi"]
[Black "Clark, Gary M"]
[BlackTitle "FM"]
[BlackElo "2258"]
[BlackTeam "Charlton Cobras A"]
[Result "0-1"]
[PlyCount "51"]

1. d4 Nf6 2. Nf3 g6 3. Bf4 Bg7 4. e3 O-O 5. h3 d6 6. Nbd2 c5 7. c3 Nc6 8. Bc4 cxd4 9. exd4 e5 10. dxe5 dxe5 11. Bg5 e4 12. Bxf6 Qxf6 13. Nh2 e3 14. Ndf3 Ne5 15. Be2 exf2+ 16. Kxf2 Qb6+ 17. Kf1 Qxb2 18. Nxe5 Bxe5 19. Nf3 Bg3 20. Rb1 Qxc3 21. Qd4 Qxd4 22. Nxd4 Rd8 23. Nf3 Bf5 24. Rxb7 Rab8 25. Rxb8 Rxb8 26. Bc4 0-1

[Event "4NCL Online Division 3"]
[Site "online"]
[Date "2021.10.19"]
[EventDate "2021.10.19"]
[Round "5.83"]
[White "Morris, David"]
[WhiteElo "1930"]
[WhiteTeam "Charlton Cobras A"]
[Black "Hughes, Roy"]
[BlackElo "2014"]
[BlackTeam "Broadland Falco Duboisi"]
[Result "1-0"]
[PlyCount "121"]

1. e4 c5 2. Nc3 e6 3. g3 Nc6 4. Bg2 Nf6 5. f4 d5 6. e5 Nd7 7. d3 a6 8. Nf3 b5 9. O-O Bb7 10. Qe1 Qc7 11. f5 h6 12. fxe6 fxe6 13. Bh3 Nd8 14. Nh4 g5 15. Qe2 gxh4 16. Qh5+ Ke7 17. Qxh4+ Ke8 18. Qh5+ Ke7 19. Bg5+ hxg5 20. Qxh8 Qxe5 21. Rxf8 Qd4+ 22. Qxd4 cxd4 23. Rxd8 Rxd8 24. Ne2 e5 25. Re1 Kd6 26. c3 dxc3 27. Nxc3 Nc5 28. Bf5 b4 29. Ne2 a5 30. d4 exd4 31. Nxd4 Ne4 32. Rd1 Ke5 33. Bxe4 Kxe4 34. Ne6 Rc8 35. Nxg5+ Ke3 36. Re1+ Kd2 37. Nf3+ Kc2 38. Re2+ Kb1 39. Nd4 Rc4 40. Nb3 Kxa2 41. Nxa5 Rc1+ 42. Kf2 Ba6 43. Rd2 Rc5 44. b3+ Kb1 45. Rd4 Rxa5 46. Rxb4 Ra2+ 47. Ke3 Rxh2 48. Rb6 Bf1 49. Rd6 Bg2 50. b4 Be4 51. b5 Rb2 52. b6 Rb3+ 53. Kf4 Kc2 54. g4 Rf3+ 55. Ke5 Rf8 56. g5 Rf5+ 57. Kd4 Rf8 58. g6 Kb3 59. g7 Rg8 60. b7 Ka4 61. Ra6+ 1-0